00971nam a2200241Ia 4500001000600000003000900006008004100015040001300056040001300069041001300082100002000095100002900115245002500144245009700169250001100266260001100277260001100288260004900299300005500348500026300403650003200666650003100698F6087IT-RoPAU130308s9999 xx 000 0 und d aIT-RoPAU cIT-RoPAU aITALIANO aDelahaye Michel gCodice Aut. SPICS: 7433 aRegola di Rouch (La) bNascita del Cinema in Africa (La). Il Cinema dell'Africa Sub-Sahariana Dalle Origini al 1975 a1a ed. aTORINO bLindau c1998 [1° Ed.:1998 - Ed.Ling.Originale:1961] a"9 p. (prefazione: no ; testo: 9 [pagine: 53-61])" aA Proposito del Film Moi un Noir di Jean Rouch (1959). Morte e Piramide. Film Fantasma. Morte di Alain, del Film e del Cinema. Seguono Riflessioni dei Due interpreti del Film Moi un Noir: Edward Robinson (Oumarou Ganda) e Eddie Constantine (Mohammed toure'). aSTORIA NAZIONALE DEL CINEMA eCodice materia Spics: 6809